<?xml version="1.0" encoding="UTF-8"?>
<record
    xmlns:xsi="http://www.w3.org/2001/XMLSchema-instance"
    xsi:schemaLocation="http://www.loc.gov/MARC21/slim http://www.loc.gov/standards/marcxml/schema/MARC21slim.xsd"
    xmlns="http://www.loc.gov/MARC21/slim">

  <leader>00402nam a22001457a 4500</leader>
  <controlfield tag="005">20160108103023.0</controlfield>
  <controlfield tag="008">160108b        xxu||||| |||| 00| 0 eng d</controlfield>
  <datafield tag="040" ind1=" " ind2=" ">
    <subfield code="c">PK-LaUMT</subfield>
  </datafield>
  <datafield tag="082" ind1=" " ind2=" ">
    <subfield code="a">MMC 928.91439</subfield>
    <subfield code="b">SUH-I</subfield>
  </datafield>
  <datafield tag="100" ind1=" " ind2=" ">
    <subfield code="a">&#x633;&#x6C1;&#x6CC;&#x644; &#x639;&#x645;&#x631;&#x60C; &#x645;&#x62D;&#x645;&#x62F;</subfield>
  </datafield>
  <datafield tag="245" ind1=" " ind2=" ">
    <subfield code="a">&#x627;&#x642;&#x628;&#x627;&#x644;&#x6CC;&#x627;&#x62A;</subfield>
    <subfield code="c">&#x645;&#x62D;&#x645;&#x62F; &#x633;&#x6C1;&#x6CC;&#x644; &#x639;&#x645;&#x631;</subfield>
  </datafield>
  <datafield tag="260" ind1=" " ind2=" ">
    <subfield code="a">&#x644;&#x627;&#x6C1;&#x648;&#x631;</subfield>
    <subfield code="b">&#x627;&#x642;&#x628;&#x627;&#x644; &#x627;&#x6A9;&#x627;&#x62F;&#x645;&#x6CC; </subfield>
    <subfield code="c">2005</subfield>
  </datafield>
  <datafield tag="300" ind1=" " ind2=" ">
    <subfield code="a">196 &#x635;</subfield>
  </datafield>
  <datafield tag="942" ind1=" " ind2=" ">
    <subfield code="c">BK</subfield>
  </datafield>
  <datafield tag="999" ind1=" " ind2=" ">
    <subfield code="c">81254</subfield>
    <subfield code="d">81254</subfield>
  </datafield>
  <datafield tag="952" ind1=" " ind2=" ">
    <subfield code="0">0</subfield>
    <subfield code="1">0</subfield>
    <subfield code="4">0</subfield>
    <subfield code="7">0</subfield>
    <subfield code="a">01</subfield>
    <subfield code="b">01</subfield>
    <subfield code="d">2016-01-08</subfield>
    <subfield code="l">1</subfield>
    <subfield code="o">MMC 928.91439 SUH-I</subfield>
    <subfield code="p">95767</subfield>
    <subfield code="r">2021-06-22 00:00:00</subfield>
    <subfield code="s">2021-06-17</subfield>
    <subfield code="w">2016-01-08</subfield>
    <subfield code="y">BK</subfield>
  </datafield>
</record>
